000
00313pab a2200133 454500
008
180718b xxu||||| |||| 00| 0 eng d
100
_a
Burke, Marc
245
_a
Cop culture and homosexuality
650
_a
Homosexuality
650
_a
Cop Culture
650
_a
Police
773
_a
Police Journal
909
_a
22308
999
_c
22308
_d
22308